Obra poética / (Record no. 173565)

MARC details
000 -LEADER
campo de control de longitud fija 00653 am a2200217 4500
001 - NÚMERO DE CONTROL
campo de control 173565
003 - IDENTIFICADOR DE NÚMERO DE CONTROL
campo de control ES-MaACL
005 - FECHA Y HORA DE LA ÚLTIMA TRANSACCIÓN
campo de control 20250514194755.0
008 - DATOS DE LONGITUD FIJA--INFORMACIÓN GENERAL
campo de control de longitud fija 091209s2009 sp | |||||||| | spa d
020 ## - NÚMERO INTERNACIONAL ESTÁNDAR DEL LIBRO
Número Internacional Estándar del Libro 978-84-95110-73-2
040 ## - FUENTE DE CATALOGACIÓN
Centro catalogador/agencia de origen SpMaBN
080 ## - NÚMERO DE LA CLASIFICACIÓN DECIMAL UNIVERSAL
Número de la Clasificación Decimal Universal 821.134.2-14"19"
100 1# - ENTRADA PRINCIPAL--NOMBRE DE PERSONA
Nombre de persona López Gorgé, Jacinto,
Fechas asociadas al nombre 1925-2008
9 (RLIN) 73685
245 10 - MENCIÓN DEL TÍTULO
Título Obra poética /
Mención de responsabilidad, etc. Jacinto López Gorgé ; edición de Antonio Abad.
250 ## - MENCION DE EDICION
Mención de edición 1ª ed.
260 ## - PUBLICACIÓN, DISTRIBUCIÓN, ETC.
Lugar de publicación, distribución, etc. Melilla :
Nombre del editor, distribuidor, etc. Consejería de Cultura,
Fecha de publicación, distribución, etc. 2009.
300 ## - DESCRIPCIÓN FÍSICA
Extensión 350 p. ;
Dimensiones 22 cm.
700 1# - ENTRADA AGREGADA--NOMBRE PERSONAL
Nombre de persona Abad, Antonio,
Fechas asociadas al nombre 1949-
9 (RLIN) 17896
852 ## - LOCALIZACIÓN
Ubicación ES-MaACL
Número de control de estantería A-9758
Holdings
Estatus retirado Estado de pérdida Estado de daño No para préstamo Biblioteca de origen Biblioteca actual Ubicación en estantería Fecha de adquisición Fuente de adquisición Total de préstamos Signatura topográfica completa Código de barras Visto por última vez Precio de reemplazo Tipo de ítem Koha
        Biblioteca del Ateneo de Madrid Biblioteca del Ateneo de Madrid Depósito 1 09/12/2009     A-9758 1182144 23/02/2023 23/02/2023 Libro impreso